El nacimiento y la construcción del estado moderno: homenaje a Jaume Vicens Vives
Salvato in:
| Autori principali: | , |
|---|---|
| Natura: | Libro |
| Lingua: | spagnolo |
| Pubblicazione: |
Valencia
Universitat de València
2011
|
| Soggetti: | |
| Tags: |
Aggiungi Tag
Nessun Tag, puoi essere il primo ad aggiungerne!!
|
MARC
| LEADER | 00000cam a2200000 a 4500 | ||
|---|---|---|---|
| 001 | UCF0681 | ||
| 003 | CL-VaPUC | ||
| 008 | 120531e20110000SP |||||||||||||||||spa|d | ||
| 020 | |a 9788437082349 | ||
| 082 | 0 | 4 | |a 320.1 |b ALB |2 21 |
| 100 | 0 | |a Albareda Salvadó, Joaquim |e author |9 562412 | |
| 700 | 0 | |a Janué i Miret, Marició |e author |9 562413 | |
| 245 | 1 | 3 | |a El nacimiento y la construcción del estado moderno: homenaje a Jaume Vicens Vives |
| 300 | |a 197 p | ||
| 942 | |c BK | ||
| 945 | |d 20120531 00:00:00 |a dcastane | ||
| 260 | |a Valencia |b Universitat de València |c 2011 | ||
| 650 | 0 | |a Estado |9 255503 | |
| 650 | 7 | |a ESTADO MODERNO |2 CL-VaPUC |9 395321 | |
| 650 | 7 | |a ORIGEN |2 CL-VaPUC |9 373505 | |
| 650 | 0 | |a Historia |9 255047 | |
| 583 | |a last modification |c 20130320 03:01:36 |k Rodrigo Vera | ||
| 999 | |c 347863 |d 347861 | ||
| 952 | |0 0 |1 0 |4 0 |6 320_100000000000000_ALB_2011 |7 0 |8 A |9 449561 |a BIBHIS |b BIBHIS |d 2019-11-22 |i 4870379 |o 320.1 ALB 2011 |p 4870379 |r 2025-01-20 |w 2019-11-22 |y BK |k HIS | ||